[Event "ITA-ch U20"]
[Site "Bratto"]
[Date "2006.08.24"]
[Round "6"]
[White "Gilardi, Davide"]
[Black "Puleo, Diego"]
[Result "1/2-1/2"]
[WhiteElo "1518"]
[BlackElo "1767"]
[PlyCount "102"]
[EventDate "2006.08.19"]
[EventType "swiss"]
[EventRounds "9"]
[EventCountry "ITA"]
[SourceTitle "CBM 113 Extra"]
[Source "ChessBase"]
[SourceDate "2006.09.14"]
[SourceVersion "1"]
[SourceVersionDate "2006.09.14"]
[SourceQuality "1"]

1. d4 d5 2. c4 Nc6 3. Nc3 dxc4 4. e3 e6 5. Bxc4 Nf6 6. Nf3 Bb4 7. Bd2 a6 8. Rc1 Bxc3 9. Bxc3 Ne7 10. Bd3 b6 11. 0-0 Bb7 12. Qe2 Ne4 13. Nd2 Nxd2 14. Qxd2 Ng6 15. e4 Qh4 16. f4 0-0-0 17. Qc2 Qe7 18. Qe2 a5 19. Ba6 Qd6 20. Bxb7+ Kxb7 21. Qf3 Ne7 22. a3 Nc6 23. Rfd1 f6 24. d5 exd5 25. Rxd5 Qe6 26. Rcd1 Qe7 27. Rxd8 Rxd8 28. Rxd8 Nxd8 29. e5+ Kb8 30. exf6 gxf6 31. f5 Nf7 32. h4 Ne5 33. Bxe5 Qxe5 34. Qf2 Kb7 35. Qf3+ c6 36. Qf2 c5 37. Kf1 Kc6 38. Qf3+ Qd5 39. Kf2 Qxf3+ 40. Kxf3 Kd5 41. Kf4 b5 42. g4 c4 43. g5 fxg5+ 44. hxg5 b4 45. axb4 c3 46. bxc3 a4 47. c4+ Kd6 48. g6 hxg6 49. fxg6 Ke7 50. g7 Kf7 51. b5 a3 1/2-1/2